000 01080nam a22003137a 4500
001 2571
005 20240103094806.0
020 _a9781440754548
020 _a9781406360264
040 _aDLC
_cDLC
_dDLC
_beng
050 0 0 _aPZ7.H7875
082 _a823.914
100 1 _aHorowitz, Anthony
_d1955-
245 1 0 _aCrocodile tears /
_cby Anthony Horowitz
250 _aThis edition published 2015
260 _aLondon :
_bWalker Books,
_c2010
300 _a426 pages :
_c20 cm
490 _aAlex Rider
_vBook 8
505 _aP
520 _aAlex Rider does battle with a charity broker con artist who has invested millions of dollars in a form of genetically modified corn that can release an airborne strain of virus capable of knocking out an entire country in one day.
521 1 _a740
_bLexile
521 1 _aP
_bRaz-Plus
650 0 _aCharities
_vJuvenile fiction.
650 0 _aGenetically modified foods
_vJuvenile fiction.
655 0 _aAdventure stories.
655 0 _aSpy stories.
906 _a7
_bcbc
_corignew
_d3
_encip
_f20
_gy-soundrec
942 _2ddc
_cBK
_n0
999 _c2571
_d2571